| 000 | 00556nam a2200145Ia 4500 | ||
|---|---|---|---|
| 008 | 140724s9999 xx 000 0 und d | ||
| 050 |
_aLC 3981 _b.B225 2010 |
||
| 100 | _aBaranda, Miguel Kenneth D. | ||
| 245 | 4 |
_aThe standards of special education centers in the philippines : _ba case study of shine special education center inc. / _cMiguel Kenneth D. Baranda. |
|
| 260 |
_aLas PiƱas, Philippines : _bSouthville International School and Colleges, _cc2010. |
||
| 300 |
_a35 p. : _c28 cm. |
||
| 521 | _aSpecial Education | ||
| 942 | _cTH | ||
| 999 |
_c228992 _d228992 |
||